Just My Type - The Vamps Lyrics - Statistics

General Stats
  • This quiz has been taken 25 times
  • The average score is 235 of 295
Answer Stats
Answer % Correct
my
100%
oh
93%
the
93%
a
86%
but
86%
But
86%
dont
86%
don't
86%
down
86%
for
86%
gets
86%
hand
86%
high
86%
hold
86%
I
86%
I,
86%
in
86%
it
86%
just
86%
know
86%
let
86%
lets
86%
let's
86%
like
86%
love
86%
me
86%
more
86%
need
86%
no
86%
not
86%
plays
86%
ready
86%
romance
86%
she
86%
she's
86%
that
86%
then
86%
this
86%
times
86%
true
86%
type
86%
what
86%
when
86%
why
86%
with
86%
head
79%
honey
79%
light
79%
night
79%
on
79%
one
79%
stand
79%
than
79%
think
79%
to
79%
way
79%
advice
71%
and
71%
be
71%
'cause
71%
eye
71%
good
71%
guy
71%
her
71%
lie
71%
meet
71%
misunderstood
71%
saw
71%
tell
71%
truth
71%
twice
71%
would
71%
balling
64%
call
64%
cigarette
64%
invite
64%
meets
64%
needs
64%
nowhere
64%
out
64%
up
64%
courage
57%
Friday
57%
of
57%
pluck
57%
sheets
57%
sleep
57%
won't
57%
bad
50%
mind
50%
they
50%
who's
50%
could
43%
expectations
43%
wish
43%
all
36%
dreams
36%
girl's
36%
leave
36%
pack
36%
try
36%
bags
29%
I'll
29%
defies
21%
repeat
21%
still
14%
M-m-m-m-m-my
0%
No matching quizzes found
Score Distribution
Percent of People with Each Score
Percentile by Number Answered
Your Score History
You have not taken this quiz